[Event "SUI-ch U16"]
[Site "Kreuzlingen"]
[Date "2016.07.01"]
[Round "3.3"]
[White "Giesinger, Elias"]
[Black "Meier, Lukas"]
[Result "1/2-1/2"]
[WhiteElo "2023"]
[BlackElo "1932"]
[PlyCount "169"]
[EventDate "2016.??.??"]

1. Nf3 Nf6 2. c4 g6 3. Nc3 c5 4. e4 Bg7 5. d4 cxd4 6. Nxd4 d6 7. f3 Nc6 8. Be3
O-O 9. Be2 Nd7 10. Qd2 Nc5 11. O-O a6 12. Rfd1 Ne6 13. Nxc6 bxc6 14. c5 dxc5
15. Qxd8 Rxd8 16. Rxd8+ Nxd8 17. Na4 Ne6 18. Nb6 Rb8 19. Nxc8 Rxc8 20. Bxa6 Rb8
21. Bc1 Nd4 22. Rb1 Nc2 23. Bd3 Nb4 24. Bc4 Nc2 25. b3 Rd8 26. Bg5 Bd4+ 27. Kf1
Ne3+ 28. Bxe3 Bxe3 29. Ke2 Bf4 30. a4 Bc7 31. h3 Kg7 32. Rc1 Ba5 33. Bd3 Bb4
34. Rc4 Ra8 35. Rc1 Kf6 36. Bc4 Rd8 37. Rc2 e6 38. Bd3 Ra8 39. Ke3 e5 40. Rc1
Rd8 41. g3 Ke7 42. Rc2 f6 43. Rc4 Rd7 44. Rc2 Rd8 45. f4 h6 46. Ra2 Ra8 47. Ra1
Bc3 48. Rc1 Bd4+ 49. Ke2 Kd6 50. Bc4 Ra7 51. Kf3 Ke7 52. Rc2 Kd6 53. Rc1 Ke7
54. Kg4 h5+ 55. Kf3 Kd6 56. Rc2 Ke7 57. g4 hxg4+ 58. hxg4 exf4 59. Kxf4 Be5+
60. Kf3 Ra8 61. Rg2 g5 62. Ra2 Ra5 63. Bg8 Ra8 64. Bc4 Ra5 65. Rc2 Ra8 66. Rd2
Rh8 67. Rg2 Rh3+ 68. Ke2 Kd7 69. a5 Kc7 70. a6 Kb6 71. Kd1 Rh1+ 72. Kc2 Ra1 73.
Kd3 Rd1+ 74. Ke2 Rb1 75. Kf3 Rh1 76. Rd2 Rh3+ 77. Ke2 Rh2+ 78. Kd3 Rxd2+ 79.
Kxd2 Bf4+ 80. Kd3 Be5 81. Ke3 Bf4+ 82. Kf2 Be5 83. Kf3 Ka7 84. Bd3 Kb6 85. Bc4
1/2-1/2

[Event "SUI-ch U16"]
[Site "Kreuzlingen"]
[Date "2016.07.01"]
[Round "3.4"]
[White "Pao, Lucas Ping"]
[Black "Lu, Hanqi"]
[Result "1-0"]
[WhiteElo "1976"]
[BlackElo "1864"]
[PlyCount "53"]
[EventDate "2016.??.??"]

1. e4 e5 2. Nf3 Nc6 3. d4 exd4 4. Bc4 Nf6 5. e5 d5 6. Bb5 Ne4 7. Nxd4 Bd7 8.
Bxc6 bxc6 9. O-O Bc5 10. f3 Ng5 11. f4 Ne4 12. Be3 Qb8 13. Nc3 Nxc3 14. bxc3
Bb6 15. f5 O-O 16. Qh5 c5 17. Nf3 Qc8 18. f6 Bf5 19. fxg7 Re8 20. Nh4 Bg6 21.
Nxg6 fxg6 22. Qf3 Qe6 23. c4 Kxg7 24. cxd5 Qxe5 25. Qf7+ Kh8 26. Bh6 Qe7 27.
Bg7# 1-0

[Event "SUI-ch U16"]
[Site "Kreuzlingen"]
[Date "2016.07.01"]
[Round "3.5"]
[White "Selinga, Jan"]
[Black "Lo Presti, Max"]
[Result "0-1"]
[WhiteElo "1929"]
[BlackElo "1934"]
[PlyCount "142"]
[EventDate "2016.??.??"]

1. e4 c5 2. Nf3 e6 3. d4 cxd4 4. Nxd4 a6 5. Be2 Nf6 6. e5 Qa5+ 7. Nc3 Qxe5 8.
f4 Qc7 9. O-O Nc6 10. Nb3 Be7 11. f5 O-O 12. Bg5 Ng4 13. Bxg4 Bxg5 14. Ne4 Be3+
15. Kh1 d5 16. Ng3 Bf4 17. Nh5 Bxh2 18. f6 Be5 19. Qd2 Kh8 20. fxg7+ Bxg7 21.
Nxg7 Rg8 22. Nxe6 Bxe6 23. Bxe6 fxe6 24. Rae1 Rg6 25. Rf3 Rag8 26. Re2 Qg7 27.
c3 Rf8 28. Rxf8+ Qxf8 29. Rf2 Qh6+ 30. Qxh6 Rxh6+ 31. Kg1 Kg7 32. Nc5 Nd8 33.
Rf4 Rf6 34. Rb4 Rf7 35. Rb6 Kf6 36. Kf2 Rc7 37. Nb3 Rc4 38. Nd4 Rc7 39. Kf3 Re7
40. Ne2 Rf7 41. Nd4 Ke5+ 42. Ke3 Rg7 43. Kf3 h5 44. Nc2 Nc6 45. Nb4 Nxb4 46.
Rxb4 Kd6 47. Rh4 Rg5 48. Rb4 Kc6 49. a4 e5 50. Rh4 e4+ 51. Kf2 Kc5 52. b3 b5
53. b4+ Kc4 54. axb5 Kxb5 55. Ke3 Rxg2 56. Rxh5 Rg3+ 57. Kd4 Rd3+ 58. Ke5 Kc4
59. Rh6 e3 60. Rh1 e2 61. Re1 Re3+ 62. Kf4 Re4+ 63. Kf3 Kxc3 64. Kf2 Kd2 65. b5
axb5 66. Kg2 Kxe1 67. Kg3 Kd2 68. Kf3 e1=Q 69. Kg2 Rg4+ 70. Kf3 Qe4+ 71. Kf2
Qg2# 0-1

[Event "SUI-ch U16"]
[Site "Kreuzlingen"]
[Date "2016.07.01"]
[Round "3.6"]
[White "Lucca, Kevin"]
[Black "Hofmann, Colin"]
[Result "1-0"]
[WhiteElo "1956"]
[BlackElo "1984"]
[PlyCount "67"]
[EventDate "2016.??.??"]

1. e4 c5 2. Nf3 d6 3. d4 cxd4 4. Nxd4 Nf6 5. Nc3 Nc6 6. Bg5 e6 7. Qd2 Qb6 8.
O-O-O Qxd4 9. Qxd4 Nxd4 10. Rxd4 a6 11. Be2 Bd7 12. f4 e5 13. Rd3 Be7 14. Bxf6
Bxf6 15. Nd5 Bd8 16. Rhd1 Bc6 17. g3 O-O 18. Bf3 b5 19. Nb4 Bb7 20. Rxd6 exf4
21. Rd7 a5 22. Rxb7 axb4 23. gxf4 Rxa2 24. Kb1 Ra4 25. b3 Ra5 26. Rdd7 Bh4 27.
Kc1 Bf2 28. e5 Be3+ 29. Kd1 Bxf4 30. Bd5 Ra1+ 31. Ke2 g5 32. Bxf7+ Kh8 33. Bd5
Rc8 34. Rxh7# 1-0

[Event "SUI-ch U16"]
[Site "Kreuzlingen"]
[Date "2016.07.01"]
[Round "3.7"]
[White "Pellicoro, Nathalie"]
[Black "Walk, David"]
[Result "0-1"]
[WhiteElo "1743"]
[BlackElo "1725"]
[PlyCount "108"]
[EventDate "2016.??.??"]

1. e4 c5 2. Nc3 Nc6 3. f4 g6 4. Nf3 Bg7 5. Bb5 Rb8 6. Bxc6 bxc6 7. O-O d6 8.
Qe1 Nf6 9. d3 O-O 10. Qh4 e6 11. f5 exf5 12. Bh6 Nh5 13. Bg5 Bf6 14. exf5 Bxg5
15. Nxg5 h6 16. f6 hxg5 17. Qxg5 Kh7 18. g4 Bxg4 19. Qxg4 Nxf6 20. Qg5 Nd5 21.
Qxd8 Rbxd8 22. Ne4 Kg7 23. c4 Ne3 24. Rf3 Nf5 25. Raf1 Rd7 26. b3 a5 27. Rh3
Rh8 28. Rxh8 Kxh8 29. Kf2 Kg7 30. Ke2 Ra7 31. Nc3 {(=)} Re7+ 32. Kd2 Re8 33.
Ne4 Rh8 34. Rf2 Kf8 35. Kc3 Ke7 36. Kd2 Nd4 37. Nf6 Rxh2 38. Rxh2 Nf3+ 39. Ke3
Nxh2 40. Ng8+ Ke6 41. Kf4 Nf1 42. Kf3 Nh2+ 43. Kg3 Nf1+ 44. Kf3 Nd2+ 45. Ke3
Nb1 46. a4 Nc3 47. Kd2 Na2 48. Nh6 f5 49. Ke3 Kf6 50. Kf4 Kg7 51. Nxf5+ gxf5
52. Kxf5 Kf7 53. Ke4 Nc1 54. b4 cxb4 0-1

[Event "SUI-ch U16"]
[Site "Kreuzlingen"]
[Date "2016.07.01"]
[Round "3.8"]
[White "Duong, Yisam"]
[Black "Megret, Jean"]
[Result "1/2-1/2"]
[WhiteElo "1992"]
[BlackElo "1971"]
[PlyCount "81"]
[EventDate "2016.??.??"]

1. e4 c5 2. Nf3 Nc6 3. Bb5 g6 4. Bxc6 bxc6 5. d3 Bg7 6. O-O Nf6 7. Nc3 O-O 8.
Be3 d6 9. h3 Rb8 10. Rb1 Bd7 11. Qd2 Rb7 12. Bh6 Qa5 13. Bxg7 Kxg7 14. e5 Nd5
15. Nxd5 Qxd2 16. Nxd2 cxd5 17. exd6 exd6 18. b3 Be6 19. Rbd1 Re8 20. Rfe1 Rbe7
21. Kf1 a5 22. Nf3 h5 23. Rd2 a4 24. d4 Kf6 25. Re3 Ra8 26. Rc3 Ra5 27. bxa4
Rxa4 28. dxc5 dxc5 29. Rxc5 Rxa2 30. Rd1 Rb7 31. Nd4 Rbb2 32. Ke2 Ke7 33. Kd2
Ra4 34. Ke3 Kf6 35. h4 Rbb4 36. g3 Rc4 37. Rxc4 Rxc4 38. Ra1 Rc3+ 39. Kd2 Rc4
40. c3 Rc7 41. Ra3 1/2-1/2

[Event "SUI-ch U16"]
[Site "Kreuzlingen"]
[Date "2016.07.01"]
[Round "4.1"]
[White "Baenziger, Fabian"]
[Black "Dill, Xaver"]
[Result "1/2-1/2"]
[WhiteElo "2319"]
[BlackElo "2108"]
[PlyCount "62"]
[EventDate "2016.??.??"]

1. e4 e5 2. Nf3 Nc6 3. Bb5 a6 4. Ba4 Nf6 5. O-O Be7 6. d3 b5 7. Bb3 O-O 8. a4
b4 9. a5 d6 10. h3 Be6 11. Nbd2 Nd7 12. Ba4 Ncb8 13. c3 bxc3 14. bxc3 Nc5 15.
Bc2 Nb7 16. Bb3 Bxb3 17. Qxb3 Nc5 18. Qc2 Bf6 19. d4 Ne6 20. dxe5 Bxe5 21. Nxe5
dxe5 22. Nc4 Qf6 23. Ne3 Nf4 24. Ng4 Qg5 25. Bxf4 exf4 26. Nh2 Nc6 27. Nf3 Qf6
28. Rfd1 Rfd8 29. Rxd8+ Rxd8 30. Rd1 h6 31. Rd5 Rxd5 1/2-1/2

[Event "SUI-ch U16"]
[Site "Kreuzlingen"]
[Date "2016.07.01"]
[Round "4.2"]
[White "Goldie, Thomas"]
[Black "Giesinger, Elias"]
[Result "1-0"]
[WhiteElo "2171"]
[BlackElo "2023"]
[PlyCount "107"]
[EventDate "2016.??.??"]

1. d4 Nf6 2. Nc3 d5 3. Bg5 e6 4. Nf3 Be7 5. Bxf6 Bxf6 6. e4 dxe4 7. Nxe4 O-O 8.
Qd2 b6 9. O-O-O Bb7 10. Bd3 Nd7 11. h4 Rc8 12. Nfg5 g6 13. Qe3 Bg7 14. h5 Re8
15. hxg6 hxg6 16. Nxf7 Kxf7 17. Ng5+ Kg8 18. Bxg6 Bd5 19. Qf4 Nf6 20. Nf7 Qe7
21. Nh6+ Kf8 22. Bxe8 Kxe8 23. Rde1 Kd7 24. Nf5 Qf7 25. Nxg7 Qxg7 26. f3 Rg8
27. b3 Qg5 28. Qxg5 Rxg5 29. Rh2 b5 30. c3 a5 31. Kc2 Nh5 32. Re5 Rxe5 33. dxe5
Nf4 34. g3 Ng6 35. f4 a4 36. bxa4 bxa4 37. Kd3 c5 38. c4 Bf3 39. Ke3 Bc6 40.
Rh6 Nf8 41. g4 Ke7 42. f5 Bg2 43. Kf4 Bf1 44. Rh1 Bxc4 45. Rc1 Bxa2 46. Rxc5
Bb3 47. Rc7+ Ke8 48. Ra7 Nd7 49. f6 Nf8 50. Kg5 Bc2 51. f7+ Kd8 52. Kf6 Bd1 53.
Ra8+ Kc7 54. Rxf8 1-0

[Event "SUI-ch U16"]
[Site "Kreuzlingen"]
[Date "2016.07.01"]
[Round "4.3"]
[White "Meier, Lukas"]
[Black "Pao, Lucas Ping"]
[Result "0-1"]
[WhiteElo "1932"]
[BlackElo "1976"]
[PlyCount "102"]
[EventDate "2016.??.??"]

1. e4 c6 2. d4 d5 3. Nc3 dxe4 4. Nxe4 Bf5 5. Ng3 Bg6 6. h4 h6 7. h5 Bh7 8. Nf3
Nf6 9. Bd3 Bxd3 10. Qxd3 e6 11. Bf4 Nbd7 12. O-O Be7 13. c4 O-O 14. a3 Qa5 15.
b4 Qa6 16. Rac1 Rac8 17. Rfe1 Rfd8 18. Qb3 b5 19. Ne5 Nxe5 20. dxe5 bxc4 21.
Rxc4 Nd5 22. Bc1 c5 23. Rg4 Kh8 24. Qf3 f6 25. Rg6 Kh7 26. Qg4 Rg8 27. exf6
Nxf6 28. Qxe6 Qxe6 29. Rxe6 Bd8 30. b5 Rc7 31. Nf5 Rf8 32. Bf4 Rd7 33. Bd6 Rff7
34. Bxc5 Rd1+ 35. Kh2 Bc7+ 36. Bd6 Nxh5 37. Bxc7 Rxc7 38. Rc6 Rf7 39. Rgd6 Ra1
40. g4 Nf6 41. Ne3 Ne4 42. Rd1 Rxf2+ 43. Kg1 Rxa3 44. Nf5 Raa2 45. Nh4 Ng5 46.
Rc3 Rh2 47. Nf5 Nh3+ 48. Rxh3 Rxh3 49. Rd7 Rb3 50. Rd1 Rbb2 51. g5 Rg2+ 0-1

[Event "SUI-ch U16"]
[Site "Kreuzlingen"]
[Date "2016.07.01"]
[Round "4.4"]
[White "Lo Presti, Max"]
[Black "Lucca, Kevin"]
[Result "0-1"]
[WhiteElo "1934"]
[BlackElo "1956"]
[PlyCount "64"]
[EventDate "2016.??.??"]

1. e4 c5 2. Nf3 d6 3. d4 cxd4 4. Nxd4 Nf6 5. Nc3 a6 6. Bg5 e6 7. f4 Be7 8. Qe2
b5 9. a3 Bb7 10. g4 Qb6 11. Nb3 Nbd7 12. Bg2 h6 13. Bh4 Nxe4 14. Bf2 Nxf2 15.
Qxf2 Qxf2+ 16. Kxf2 Bxg2 17. Kxg2 Nf6 18. h3 Rc8 19. Rad1 O-O 20. Rhe1 d5 21.
f5 Bxa3 22. fxe6 fxe6 23. Rxe6 Bxb2 24. Nxd5 Rxc2+ 25. Kg1 Nxd5 26. Rxd5 Rff2
27. Nd4 Rg2+ 28. Kh1 Bxd4 29. Rxd4 Rge2 30. Rxe2 Rxe2 31. Rd6 a5 32. Rb6 b4 0-1

[Event "SUI-ch U16"]
[Site "Kreuzlingen"]
[Date "2016.07.01"]
[Round "4.5"]
[White "Walk, David"]
[Black "Stijve, Theo"]
[Result "0-1"]
[WhiteElo "1725"]
[BlackElo "2071"]
[PlyCount "49"]
[EventDate "2016.??.??"]

1. c4 Nf6 2. Nc3 e6 3. Nf3 d5 4. d4 Be7 5. e3 O-O 6. Be2 dxc4 7. Bxc4 a6 8. O-O
b5 9. Be2 Bb7 10. a3 c5 11. dxc5 Bxc5 12. b4 Be7 13. Bb2 Nbd7 14. Qb3 Nd5 15.
Rfd1 Bf6 16. Rac1 Rc8 17. Nd4 N7b6 18. Bf3 Qe7 19. Nxd5 Nxd5 20. Nf5 exf5 21.
Bxd5 Bxd5 22. Rxd5 Rxc1+ 23. Bxc1 Rc8 24. Bb2 Qe6 25. Bxf6 0-1

[Event "SUI-ch U16"]
[Site "Kreuzlingen"]
[Date "2016.07.01"]
[Round "4.6"]
[White "Lu, Hanqi"]
[Black "Selinga, Jan"]
[Result "1-0"]
[WhiteElo "1864"]
[BlackElo "1929"]
[PlyCount "55"]
[EventDate "2016.??.??"]

1. e4 e6 2. d4 d5 3. Nd2 Nf6 4. e5 Nfd7 5. Bd3 c5 6. c3 Nc6 7. Ne2 g6 8. O-O
Qb6 9. Nf3 Bg7 10. Re1 O-O 11. a3 c4 12. Bc2 Na5 13. Be3 Qc7 14. Qd2 b5 15. Bh6
Nb3 16. Bxb3 cxb3 17. Bxg7 Kxg7 18. Qd1 a5 19. Qxb3 Ba6 20. Nf4 Nb6 21. Ng5 Qd7
22. Qc2 Rac8 23. Nh5+ Kh6 24. Nf6 Qe7 25. Re3 Rh8 26. Rh3+ Kg7 27. Ngxh7 Nd7
28. Qc1 1-0

[Event "SUI-ch U16"]
[Site "Kreuzlingen"]
[Date "2016.07.01"]
[Round "4.7"]
[White "Hofmann, Colin"]
[Black "Duong, Yisam"]
[Result "1-0"]
[WhiteElo "1984"]
[BlackElo "1992"]
[PlyCount "62"]
[EventDate "2016.??.??"]

1. e4 e5 2. Nf3 Nc6 3. d4 exd4 4. Nxd4 Bc5 5. Be3 Qf6 6. c3 Nge7 7. Bc4 Ne5 8.
Be2 Qg6 9. O-O d6 10. f4 Qxe4 11. Bf2 Bxd4 12. cxd4 N5g6 13. g3 O-O 14. Nc3 Qf5
15. d5 a6 16. Rc1 Bd7 17. Bf3 Rfe8 18. Qb3 b6 19. Ne2 Rac8 20. Nd4 Qf6 21. Rc3
Nf5 22. Nxf5 Bxf5 23. Rfc1 Qd8 24. Rc4 Bd7 25. Qc3 b5 26. Rxc7 Rxc7 27. Qxc7
Qxc7 28. Rxc7 Re7 29. Rb7 Bc8 30. Rb6 Rd7 31. Bg4 Rb7 1-0

[Event "SUI-ch U16"]
[Site "Kreuzlingen"]
[Date "2016.07.01"]
[Round "4.8"]
[White "Megret, Jean"]
[Black "Pellicoro, Nathalie"]
[Result "1/2-1/2"]
[WhiteElo "1971"]
[BlackElo "1743"]
[PlyCount "148"]
[EventDate "2016.??.??"]

1. e4 e5 2. Nf3 Nc6 3. d4 exd4 4. Nxd4 Bc5 5. Nb3 Bb6 6. Nc3 Nge7 7. Qe2 d6 8.
Bg5 Be6 9. O-O-O f6 10. Be3 Bxe3+ 11. Qxe3 Qd7 12. Qg3 g6 13. f4 Bxb3 14. axb3
O-O-O 15. Bb5 a6 16. Bc4 Kb8 17. Rhe1 Rhf8 18. Re2 Nc8 19. e5 Nb6 20. exd6 cxd6
21. Be6 Qc7 22. Red2 f5 23. Qf2 Rfe8 24. Bd5 Nb4 25. Kb1 N4xd5 26. Nxd5 Nxd5
27. Rxd5 Re7 28. Qd2 Red7 29. c4 Kc8 30. g3 Qc6 31. b4 Qc7 32. Qd4 b6 33. b5 a5
34. b3 Kb7 35. Rd2 Kc8 36. Kc2 Kb7 37. Kc3 Qb8 38. b4 axb4+ 39. Kxb4 Qa7 40.
Qb2 Kc7 41. Qa2 Ra8 42. Qxa7+ Rxa7 43. R5d3 Ra8 44. Re3 Ra7 45. Re6 Ra8 46. Kc3
Rad8 47. Rd5 Ra8 48. Rd2 Rad8 49. Rd5 Ra8 50. Re2 Ra7 51. Red2 Ra8 52. Kd3 Re8
53. Rd4 Red8 54. Ke3 Ra8 55. Kf3 Ra3+ 56. Kf2 Ra8 57. h3 Rf8 58. Kf3 Ra8 59.
Kg2 Rf8 60. g4 Rdd8 61. Kg3 Rd7 62. Rd5 fxg4 63. hxg4 Rf6 64. R5d4 Rdf7 65. Ra2
Kb7 66. Re2 Kc7 67. Re1 Rd7 68. Ra1 Kb7 69. Re1 Kc7 70. Rf1 Rdf7 71. Rf2 Rf8
72. Rf3 R8f7 73. Re4 Rd7 74. Rd4 Rf8 1/2-1/2

[Event "SUI-ch U16"]
[Site "Kreuzlingen"]
[Date "2016.07.02"]
[Round "5.1"]
[White "Baenziger, Fabian"]
[Black "Goldie, Thomas"]
[Result "1-0"]
[WhiteElo "2319"]
[BlackElo "2171"]
[PlyCount "105"]
[EventDate "2016.??.??"]

1. e4 c5 2. Nf3 e6 3. d3 d5 4. Nbd2 Nf6 5. g3 Nc6 6. Bg2 Be7 7. O-O b6 8. Re1
Bb7 9. c3 h6 10. a3 Qc7 11. Qe2 O-O-O 12. h4 Rhg8 13. e5 Nd7 14. h5 g6 15. hxg6
Rxg6 16. Nf1 Rdg8 17. Bf4 Bg5 18. Bxg5 hxg5 19. g4 f6 20. d4 fxe5 21. Nxe5
Ndxe5 22. dxe5 Rf8 23. Ng3 Qf7 24. Qc2 Rgg8 25. Nh5 Rh8 26. Rad1 Rxh5 27. gxh5
Qxh5 28. Qe2 g4 29. b4 Rf5 30. bxc5 Nxe5 31. cxb6 Qg6 32. Qb5 Nf3+ 33. Kf1 axb6
34. Qxb6 Nxe1 35. Rxe1 Rf6 {(=)} 36. Rb1 Rf7 37. Kg1 Rc7 38. c4 Qf5 39. a4 Qe5
40. a5 Rh7 41. a6 Qh2+ 42. Kf1 Bxa6 43. Qxa6+ Kd8 44. Qa8+ Ke7 45. Rb7+ Kf6 46.
Qf8+ Ke5 47. Qb8+ Kf6 48. Qd8+ Ke5 49. Qg5+ Kd6 50. Rb6+ Kc7 51. Rxe6 dxc4 52.
Rc6+ Kd7 53. Qxg4+ 1-0

[Event "SUI-ch U16"]
[Site "Kreuzlingen"]
[Date "2016.07.01"]
[Round "5.2"]
[White "Dill, Xaver"]
[Black "Pao, Lucas Ping"]
[Result "1-0"]
[WhiteElo "2108"]
[BlackElo "1976"]
[PlyCount "137"]
[EventDate "2016.??.??"]

1. Nf3 d5 2. d4 c6 3. c4 e6 4. e3 f5 5. Bd3 Nf6 6. Nbd2 Bd6 7. O-O O-O 8. b3
Ne4 9. a4 Qe7 10. Bb2 Nd7 11. Ne5 Nxe5 12. dxe5 Bb4 13. Nb1 Bd7 14. f3 Ng5 15.
Ba3 Bxa3 16. Nxa3 c5 17. f4 Nf7 18. Qc2 Nh6 19. Rfe1 a6 20. Qb2 Bc6 21. Be2
Rad8 22. Nc2 dxc4 23. Bxc4 Rd2 24. Re2 Rfd8 25. Qc3 R2d7 26. a5 Kf7 27. b4 Bd5
28. Bxd5 Rxd5 29. bxc5 Rxc5 30. Qb2 Rb5 31. Qc3 Qc5 32. Qxc5 Rxc5 33. h3 Rdd5
34. Nd4 Rxa5 35. Rxa5 Rxa5 36. Rc2 b5 37. Rc7+ Ke8 38. Nxe6 b4 39. Nxg7+ Kd8
40. Rb7 Rb5 41. Ne6+ Kc8 42. Rxb5 axb5 43. Nd4 Kd7 44. Kf2 Ng8 45. Ke2 Ne7 46.
Nxb5 Kc6 47. Nd4+ Kd5 48. Kd3 h6 49. g4 fxg4 50. hxg4 Ng6 51. e6 Ne7 52. e4+
Kc5 53. Nf5 Nxf5 54. exf5 Kd6 55. Kc4 Ke7 56. Kxb4 Kf8 57. Kc5 Ke7 58. Kd5 h5
59. gxh5 Kf6 60. h6 Kxf5 61. h7 Kg6 62. h8=Q Kf5 63. e7 Kg4 64. e8=Q Kf3 65. f5
Kg4 66. f6 Kg5 67. f7 Kg4 68. f8=Q Kg3 69. Qg6# 1-0

[Event "SUI-ch U16"]
[Site "Kreuzlingen"]
[Date "2016.07.02"]
[Round "5.3"]
[White "Stijve, Theo"]
[Black "Lucca, Kevin"]
[Result "1-0"]
[WhiteElo "2071"]
[BlackElo "1956"]
[PlyCount "117"]
[EventDate "2016.??.??"]

1. e4 c5 2. Nf3 e6 3. d4 cxd4 4. Nxd4 Nc6 5. Nc3 Qc7 6. Be3 a6 7. Qd2 b5 8.
O-O-O b4 9. Na4 Nf6 10. f3 h5 11. Nxc6 Qxc6 12. Nb6 Rb8 13. e5 Ng8 14. Nxc8
Rxc8 15. Bxa6 Ra8 16. Bc4 Be7 17. Qd3 Rb8 18. Rd2 Nh6 19. Bxh6 Rxh6 20. f4 Rg6
21. Rhd1 Rxg2 22. Rxg2 Qxg2 23. Qxd7+ Kf8 24. Qc7 Qb7 25. Qxb7 Rxb7 26. Rd3 Ke8
27. Kd2 Rb8 28. c3 bxc3+ 29. Kxc3 Bb4+ 30. Kc2 Rd8 31. a3 Rxd3 32. Kxd3 Bc5 33.
b4 Bg1 34. h3 h4 35. a4 Kd7 36. f5 g5 37. fxg6 fxg6 38. a5 Bf2 39. b5 Be1 40.
a6 Bf2 41. Ke4 g5 42. Kf3 Bb6 43. Kg4 Be3 44. Kh5 Ke7 45. Kg6 Bb6 46. Kxg5 Bf2
47. Kg4 Kf7 48. Kf3 Bb6 49. Ke4 Ba7 50. Bb3 Ke7 51. Kd3 Bf2 52. Kc4 Be3 53. b6
Bxb6 54. Kb5 Bd4 55. Kc6 Kf7 56. Kb7 Kg6 57. Bxe6 Kg5 58. Bg4 Kf4 59. e6 1-0

[Event "SUI-ch U16"]
[Site "Kreuzlingen"]
[Date "2016.07.01"]
[Round "5.4"]
[White "Giesinger, Elias"]
[Black "Lu, Hanqi"]
[Result "1-0"]
[WhiteElo "2023"]
[BlackElo "1864"]
[PlyCount "93"]
[EventDate "2016.??.??"]

1. d4 d5 2. c4 e6 3. Nf3 Nf6 4. cxd5 exd5 5. Bg5 Be7 6. Qc2 Nbd7 7. e3 O-O 8.
Bd3 Re8 9. O-O c6 10. Nc3 Nf8 11. Rab1 a5 12. a3 Ng6 13. Rfc1 Bd6 14. b4 axb4
15. axb4 h6 16. Bxf6 Qxf6 17. b5 Bg4 18. Be2 Reb8 19. bxc6 bxc6 20. Rxb8+ Rxb8
21. Na4 Bf5 22. Bd3 Bxd3 23. Qxd3 Bf8 24. Qc2 Ba3 25. Ra1 Bf8 26. Nc5 Bxc5 27.
Qxc5 Qf5 28. Rc1 Qd7 29. g3 Rc8 30. Kg2 Qb7 31. Ne1 Nf8 32. Nd3 Nd7 33. Qb4 Qc7
34. Qe7 Nb8 35. Qxc7 Rxc7 36. Nb4 Rb7 37. Nxc6 Rc7 38. Ne7+ Rxe7 39. Rc8+ Kh7
40. Rxb8 Rd7 41. Rb6 g5 42. Kf3 Kg7 43. Kg4 Rd8 44. Kf5 Rc8 45. Kg4 Rd8 46. Kh5
f6 47. Rb7+ 1-0

[Event "SUI-ch U16"]
[Site "Kreuzlingen"]
[Date "2016.07.02"]
[Round "5.5"]
[White "Meier, Lukas"]
[Black "Lo Presti, Max"]
[Result "1-0"]
[WhiteElo "1932"]
[BlackElo "1934"]
[PlyCount "79"]
[EventDate "2016.??.??"]

1. e4 c5 2. b3 e6 3. Bb2 d5 4. exd5 exd5 5. Nf3 Nc6 6. Be2 Nf6 7. O-O Bd6 8. d4
O-O 9. Na3 cxd4 10. Nb5 Bc5 11. Nbxd4 Re8 12. Rc1 Qe7 13. Re1 Ne4 14. c4 Nxd4
15. Bxd4 Bb4 16. Rf1 Nd2 17. Nxd2 Qxe2 18. Bc3 Bxc3 19. Rxc3 dxc4 20. Nxc4 Qxa2
21. Qf3 Qa6 22. Rd1 Be6 23. Ne5 Red8 24. Rdc1 Qd6 25. Nd3 Bd5 26. Qg4 Re8 27.
Nf4 Bc6 28. Rd1 Qb4 29. Qg3 Qe4 30. Re3 Qf5 31. Red3 Qe4 32. Re3 Qb4 33. Nh5 g6
34. Nf6+ Kg7 35. Nxe8+ Bxe8 36. Rde1 Bc6 37. Re7 Rd8 38. h3 Bd5 39. Qc7 Rf8 40.
Qe5+ 1-0

[Event "SUI-ch U16"]
[Site "Kreuzlingen"]
[Date "2016.07.02"]
[Round "5.6"]
[White "Megret, Jean"]
[Black "Hofmann, Colin"]
[Result "1/2-1/2"]
[WhiteElo "1971"]
[BlackElo "1984"]
[PlyCount "117"]
[EventDate "2016.??.??"]

1. e4 c5 2. Nf3 d6 3. d4 cxd4 4. Nxd4 Nf6 5. Nc3 Nc6 6. Bg5 e6 7. Qd2 Qb6 8.
Nb3 Be7 9. O-O-O O-O 10. f3 a6 11. g4 Ne5 12. Be3 Qc7 13. g5 Nfd7 14. f4 Nc4
15. Bxc4 Qxc4 16. h4 b5 17. Qg2 b4 18. Rd4 Qc7 19. Rxb4 d5 20. Rd4 dxe4 21.
Rhd1 f5 22. gxf6 Bxf6 23. Rxe4 Bb7 24. Rc4 Qxc4 25. Qxb7 Bxc3 26. bxc3 Nf6 27.
Bd4 Rab8 28. Qa7 Rbd8 29. Rg1 Rf7 30. Qb6 Re8 31. Nc5 Qxa2 32. Qc6 Qd5 33. Qxa6
Ra8 34. Qxe6 Ra1+ 35. Kb2 Rxg1 36. Bxg1 Qxe6 37. Nxe6 Nd5 38. Bh2 Rf6 39. f5
Rxf5 40. c4 Ne3 41. c5 Rf6 42. Nd4 Kf8 43. Kb3 Ke8 44. c4 Nf1 45. Be5 Rg6 46.
c6 Rg4 47. c5 Nd2+ 48. Kc3 Ne4+ 49. Kc4 Nf6 50. c7 Kd7 51. c6+ Kc8 52. Kc5 Ne8
53. Nb5 Ra4 54. h5 g5 55. hxg6 hxg6 56. Kb6 g5 57. Na7+ Rxa7 58. Kxa7 Nxc7 59.
Kb6 1/2-1/2

[Event "SUI-ch U16"]
[Site "Kreuzlingen"]
[Date "2016.07.01"]
[Round "5.7"]
[White "Selinga, Jan"]
[Black "Walk, David"]
[Result "1-0"]
[WhiteElo "1929"]
[BlackElo "1725"]
[PlyCount "71"]
[EventDate "2016.??.??"]

1. e4 c5 2. Nf3 e6 3. d4 cxd4 4. Nxd4 a6 5. Nc3 Qc7 6. a3 Nf6 7. g3 b5 8. Bg2
Bb7 9. O-O d6 10. Re1 Be7 11. Be3 O-O 12. f4 Nbd7 13. Bf2 Rfd8 14. e5 Ne8 15.
Bxb7 Qxb7 16. Qg4 Nc7 17. exd6 Bxd6 18. Ne4 Be7 19. Qf3 Qd5 20. Rad1 Nb8 21.
Rd3 Qa2 22. Red1 Nd5 23. Nc3 Nxc3 24. Rxc3 Qd5 25. Qxd5 Rxd5 26. Rc8+ Bf8 27.
Re1 g6 28. Nc6 Nxc6 29. Rxa8 Rd2 30. Bc5 Rd8 31. Rxd8 Nxd8 32. Bxf8 Kxf8 33.
Rd1 Nb7 34. Rd7 Nc5 35. Rc7 Ne4 36. Rc6 1-0

[Event "SUI-ch U16"]
[Site "Kreuzlingen"]
[Date "2016.07.01"]
[Round "5.8"]
[White "Pellicoro, Nathalie"]
[Black "Duong, Yisam"]
[Result "1-0"]
[WhiteElo "1743"]
[BlackElo "1992"]
[PlyCount "85"]
[EventDate "2016.??.??"]

1. e4 e5 2. Nf3 Nc6 3. Bc4 Bc5 4. b4 Bb6 5. a4 a6 6. a5 Ba7 7. d3 Nf6 8. c3 d6
9. Qb3 O-O 10. Bg5 h6 11. Bh4 Qe7 12. Nbd2 Be6 13. O-O Bxc4 14. Nxc4 b5 15. Ne3
Bxe3 16. fxe3 Qe6 17. Qb2 d5 18. Bxf6 gxf6 19. exd5 Qxd5 20. Rad1 Ne7 21. e4
Qc6 22. Nh4 Rad8 23. Nf5 Nxf5 24. Rxf5 Rd6 25. Qc1 Kg7 26. Kf2 Rfd8 27. Ke2 Rh8
28. Rf3 Kf8 29. Ke3 Rg8 30. g3 Ke7 31. d4 Rg4 32. d5 Qc4 33. Qc2 c6 34. h3 Rg8
35. Qd3 Rgd8 36. Qxc4 bxc4 37. g4 cxd5 38. exd5 Rxd5 39. Rxd5 Rxd5 40. Ke4 Ke6
41. Rxf6+ Kxf6 42. Kxd5 Kg5 43. b5 1-0

[Event "SUI-ch U16"]
[Site "Kreuzlingen"]
[Date "2016.07.02"]
[Round "6.1"]
[White "Stijve, Theo"]
[Black "Dill, Xaver"]
[Result "1/2-1/2"]
[WhiteElo "2071"]
[BlackElo "2108"]
[PlyCount "98"]
[EventDate "2016.??.??"]

1. e4 e5 2. Nf3 Nc6 3. Bb5 a6 4. Ba4 Nf6 5. O-O b5 6. Bb3 Be7 7. d3 O-O 8. Nc3
d6 9. a3 Bg4 10. Be3 Na5 11. Ba2 c5 12. Nd5 Nc6 13. h3 Be6 14. b4 cxb4 15. Nxb4
Nxb4 16. axb4 Bxa2 17. Rxa2 d5 18. Nxe5 Bxb4 19. Nc6 Qd6 20. Nxb4 Qxb4 21. e5
Nd7 22. Qa1 h6 23. Rb1 Qh4 24. Rxb5 axb5 25. Rxa8 Qh5 26. Rxf8+ Nxf8 27. Qb2
Ne6 28. d4 Qd1+ 29. Kh2 Qe2 30. Qb3 Nc7 31. Qc3 Qc4 {(=)} 32. Qxc4 dxc4 33. Kg3
b4 34. Kf3 b3 35. cxb3 cxb3 36. Bc1 Nd5 37. Ke2 Nb6 38. Kd3 Na4 39. Be3 Kf8 40.
d5 b2 41. Kc2 b1=Q+ 42. Kxb1 Nc3+ 43. Kc2 Nxd5 44. Kd3 Ke7 45. f4 Ke6 46. g4 g6
47. Ke4 f5+ 48. gxf5+ gxf5+ 49. Kd4 Ke7 1/2-1/2

[Event "SUI-ch U16"]
[Site "Kreuzlingen"]
[Date "2016.07.02"]
[Round "6.2"]
[White "Pao, Lucas Ping"]
[Black "Baenziger, Fabian"]
[Result "0-1"]
[WhiteElo "1976"]
[BlackElo "2319"]
[PlyCount "74"]
[EventDate "2016.??.??"]

1. e4 c5 2. Nc3 a6 3. Nf3 b5 4. d4 cxd4 5. Nxd4 e6 6. Bd3 Bb7 7. O-O Ne7 8. Be3
Nec6 9. Nxc6 Nxc6 10. f4 Be7 11. e5 d6 12. exd6 Bxd6 13. Ne4 Be7 14. Kh1 Nb4
15. Nc5 Bc6 16. Qg4 Nd5 17. Qxg7 Bf6 18. Qg3 Nxe3 19. Qxe3 Bd4 20. Qh3 Bxc5 21.
Rfe1 Qf6 22. f5 e5 23. a4 O-O 24. Be4 Kh8 25. Bxc6 Qxc6 26. Rxe5 Bd4 27. Re7
Bf6 28. Re3 Rae8 29. Rf3 bxa4 30. c3 Rg8 31. Rg1 Re2 32. Qh5 Rg7 33. Qh3 Qd6
34. Rd3 Qe5 35. Qf3 Rexg2 36. Qxg2 Rxg2 37. Kxg2 Qe2+ 0-1

[Event "SUI-ch U16"]
[Site "Kreuzlingen"]
[Date "2016.07.02"]
[Round "6.3"]
[White "Goldie, Thomas"]
[Black "Meier, Lukas"]
[Result "1-0"]
[WhiteElo "2171"]
[BlackElo "1932"]
[PlyCount "65"]
[EventDate "2016.??.??"]

1. d4 Nf6 2. Nc3 d5 3. Bg5 Nbd7 4. Qd3 h6 5. Bh4 g5 6. Bg3 c6 7. O-O-O Bg7 8.
f3 Qa5 9. e4 Nb6 10. e5 Nh5 11. Be1 Be6 12. Qe3 O-O-O 13. Kb1 Nc4 14. Bxc4 dxc4
15. Nge2 Bf8 16. g4 Ng7 17. Ne4 Qb6 18. Bf2 Bd5 19. h4 gxh4 20. Rxh4 e6 21.
Rdh1 a5 22. Rxh6 Rxh6 23. Rxh6 Nf5 24. gxf5 Bxh6 25. Qxh6 exf5 26. Nd6+ Kb8 27.
Qe3 Rh8 28. Nxf5 Rh1+ 29. Nc1 a4 30. a3 Rh3 31. Ng3 Ka7 32. Nce2 Qa5 33. Nf4
1-0